| 000 | 01497nam a2200349 c 4500 | ||
|---|---|---|---|
| 003 | BLK | ||
| 005 | 20230802094341.0 | ||
| 008 | 180408b bul|||||r ||||||| ||bul|| | ||
| 010 | _aKNG00043969000 | ||
| 020 |
_a954-8442-01-9 _bиздат.: Вирга |
||
| 020 |
_a954-8442019 _bиздат.: Вирга - (грешен) |
||
| 040 | _aBLK | ||
| 041 |
_aBUL _cBUL |
||
| 080 |
_aНемска литература _b821.112.2 _x-93-34 _z821.112.2-93-34 |
||
| 100 | 1 |
_aЯнош _eпърви автор _gЕкерт, Хорст _9277248 |
|
| 700 | 1 |
_aЯнош _eил. _gЕкерт, Хорст _9367592 |
|
| 700 | 1 |
_aЕкерт, Хорст _e* _9277249 |
|
| 700 |
_aАлександрова, Броряна Балева _d1976- _9341710 |
||
| 139 |
_aЯнош _bЯ 65 |
||
| 245 | 1 | 0 |
_aАз ще те излекувам, каза Мечо _bПриказка _cЯнош; ил. Янош; * Хорст Екерт; прев. от нем. Боряна Александрова. |
| 257 | _aDEU | ||
| 260 |
_аСофия _bВирга _c1993 _fСофия : Балкан прес |
||
| 300 |
_a48 с. _bс цв. ил. _c24 см |
||
| 380 | _aDX | ||
| 500 | _aОриг. загл. Ich mach gesund, sagte der Bar / Janosch. - Янош - псевд. на Хорст Екерт. - 15 350 тир. | ||
| 852 | _aЦб 268966 | ||
| 856 | 4 |
_qpdf _u |
|
| 856 | 4 |
_qpdf _u |
|
| 942 |
_cKNG _n0 _01 |
||
| 944 |
_aCR _c26.05.2014 _lТеодора Пейчева-Дянкова _k30556 |
||
| 944 |
_aED _c26.05.2014 _lф / _k |
||
| 999 |
_c40520 _d40520 |
||